00258pab a2200097 454500008003600000100001500036245004300051362002200094650002400116773002000140180718b xxu||||| |||| 00| 0 eng d aSahay K.B. aPopulation growth: no soft options row a11 Aug 1994, p.13 aPopulation -- India aHindustan Times